LEADER 01984nam0 22004693i 450 001 VAN0249639 005 20230531101413.54 017 70$2N$a9783030424008 100 $a20220906d2020 |0itac50 ba 101 $aeng 102 $aCH 105 $a|||| ||||| 200 1 $aPartition Functions and Automorphic Forms$fValery A. Gritsenko, Vyacheslav P. Spiridonov editors 210 $aCham$cSpringer$d2020 215 $axiii, 415 p.$cill.$d24 cm 410 1$1001VAN0124545$12001 $aMoscow Lectures$1210 $aCham [etc.]$cSpringer$v5 500 1$3VAN0249640$aPartition Functions and Automorphic Forms$92377959 606 $a81-XX$xQuantum theory [MSC 2020]$3VANC019967$2MF 606 $a33-XX$xSpecial functions [MSC 2020]$3VANC022590$2MF 610 $aAutomorphic forms$9KW:K 610 $aBorcherds automorphic products$9KW:K 610 $aElliptic Painleve equation$9KW:K 610 $aElliptic hypergeometric functions$9KW:K 610 $aFeynman integrals$9KW:K 610 $aHyperbolic Kac-Moody algebras$9KW:K 610 $aMoonshines$9KW:K 610 $aPartition functions$9KW:K 610 $aQuantum Field Theory$9KW:K 610 $aSuperconformal indices$9KW:K 610 $aSupersymmetry$9KW:K 620 $aCH$dCham$3VANL001889 702 1$aGritsenko$bValery A.$3VANV204151 702 1$aSpiridonov$bVyacheslav P.$3VANV204152 712 $aSpringer $3VANV108073$4650 801 $aIT$bSOL$c20240614$gRICA 856 4 $uhttp://doi.org/10.1007/978-3-030-42400-8$zE-book ? Accesso al full-text attraverso riconoscimento IP di Ateneo, proxy e/o Shibboleth 899 $aBIBLIOTECA DEL DIPARTIMENTO DI MATEMATICA E FISICA$1IT-CE0120$2VAN08 912 $fN 912 $aVAN0249639 950 $aBIBLIOTECA DEL DIPARTIMENTO DI MATEMATICA E FISICA$d08CONS e-book 4787 $e08eMF4787 20220906 996 $aPartition Functions and Automorphic Forms$92377959 997 $aUNICAMPANIA LEADER 01826nam0 22004453i 450 001 VAN00287149 005 20250417022522.176 017 70$2N$a9783662106198 100 $a20250217d1990 |0itac50 ba 101 $aeng 102 $aDE 105 $a|||| ||||| 181 $ai$b e 182 $ab 183 $acr 200 1 $aTrees and Hierarchical Structures$eProceedings of a Conference held at Bielefeld, FRG, Oct. 5?9th, 1987$fA. Dress, A. von Haeseler (eds.) 210 $aBerlin$cSpringer-Verlag$d1990 215 $a137 p.$cill.$d24 cm 410 1$1001VAN00256120$12001 $aLecture Notes in Biomathematics$1210 $aBerlin$cSpringer$v84 606 $a00B25$xProceedings of conferences of miscellaneous specific interest [MSC 2020]$3VANC020732$2MF 606 $a92-XX$xBiology and other natural sciences [MSC 2020]$3VANC020839$2MF 610 $aAlgorithms$9KW:K 610 $aBiology$9KW:K 610 $aCluster analysis$9KW:K 610 $aEvolution$9KW:K 610 $aMolecular Biology$9KW:K 610 $aPhylogeny$9KW:K 610 $aTree$9KW:K 620 $dBerlin$3VANL000066 702 1$aDress$bAndreas$3VANV241529$4340 702 1$aHaeseler$bArndt von$3VANV241530$4340 712 $aSpringer $3VANV108073$4650 801 $aIT$bSOL$c20250502$gRICA 856 4 $uhttps://doi.org/10.1007/978-3-662-10619-8$zE-book ? Accesso al full-text attraverso riconoscimento IP di Ateneo, proxy e/o Shibboleth 899 $aBIBLIOTECA DEL DIPARTIMENTO DI MATEMATICA E FISICA$1IT-CE0120$2VAN08 912 $fN 912 $aVAN00287149 950 $aBIBLIOTECA DEL DIPARTIMENTO DI MATEMATICA E FISICA$d08DLOAD e-Book 10715 $e08eMF10715 20250228 996 $aTrees and Hierarchical Structures$9382907 997 $aUNICAMPANIA